| 000 | 00646nam a2200181 a 4500 | ||
|---|---|---|---|
| 008 | 120416s1984 ||||||||||||||||| || u | ||
| 020 | _a0070211310 | ||
| 050 | _aHF 5549 Fit | ||
| 100 | _aFitz-enz, Jack | ||
| 245 | 1 | 0 | _aHow to measure human resources management |
| 260 |
_aNew York: _bMcGraw-Hill _c1984 |
||
| 300 | _axvi, 237p. : ill. | ||
| 350 | _a0.00 | ||
| 500 | _aIncludes index. -Bibliography: p. 227-230. | ||
| 650 | 0 | _aPERSONNEL MANAGEMENT | |
| 650 | _aPERSONNEL DEPARTMENTS | ||
| 995 |
_D0.00 _FCBU-MAIN LIBRARY (Kitwe) _H1 _I24.50 _UAVAILABLE _ZMain Library Open Access Collection |
||
| 999 |
_c45821 _d45821 |
||